000 00567nam a2200229Ia 4500
003 OSt
005 20220923225241.0
006 a|||||r|||| 00| 0
007 ta
008 Pun
024 _a261,355
037 _cTextual
040 _aARTS
_cARTS
_bPun
041 _2Pun
_aPun
082 _aV236:1.N5, 153K6
100 _aਕਪੂਰ
245 0 _aਪੰਜਾਬ ਦਾ ਵਿਰਸਾ
260 _c1966
650 _aਭਾਰਤੀਯ ਇਤਿਹਾਸ
942 _hV236:1.N5, 153K6
_cTEXL
_2CC
999 _c377043
_d377043